| 000 | 00759cam a22002777a 4500 | ||
|---|---|---|---|
| 003 | CHAP | ||
| 005 | 20220920171214.0 | ||
| 008 | 971013s r 00010 d | ||
| 010 | _a59608 | ||
| 011 | _a60580 | ||
| 035 | _a64742 | ||
| 040 | _cCHAP | ||
| 090 | _aR-2563 | ||
| 100 | 0 | 0 |
_aDurrani, Shiraz. _934736 |
| 245 | 1 | 2 | _aA relevant library service |
| 500 | _aSobretiro de : Library Magazine 3 : 12-20, 1980 | ||
| 590 |
_aBATCH-UPD _b10 _c20130110 |
||
| 590 |
_aBATCH-UPD _b10 _c20130410 |
||
| 590 |
_aBATCH-UPD _b10 _c20130914 |
||
| 590 |
_aCONVERSION _b10 _c20130109 |
||
| 650 | 1 | 4 | _aDesarrollo económico. |
| 650 | 1 | 4 |
_aPolítica bibliotecaria. _990446 |
| 901 | _aBK | ||
| 942 |
_cREIMP _2local |
||
| 949 |
_aR-2563 _bBC _cB _d-141664 _eB _i64742 _si |
||
| 999 |
_c59608 _d59608 |
||